| 000 | 00624nam a2200217Ia 4500 | ||
|---|---|---|---|
| 008 | 180523s9999 xx 000 0 und d | ||
| 020 | _a0-443-07182-9 | ||
| 050 | _aMAIN LB 2369 | ||
| 050 | _b.W75 2003 | ||
| 245 | 0 | _aWriting research : | |
| 245 | 0 | _btransforming data into text / | |
| 245 | 0 | _cedited by Judith Clare, Helen Hamilton; foreword by Patricia E. Stevens. | |
| 260 | _aChina : | ||
| 260 | _bElsevier Science Pte. Ltd., | ||
| 260 | _c2003 | ||
| 300 | _a222 pages : | ||
| 300 | _c22 cm. | ||
| 500 | _aIncludes bibliographical references and index. | ||
| 650 | _aWriting | ||
| 650 | _xReport writing. | ||
| 999 |
_c357325 _d357325 |
||